Shirley Homes and the Lithuanian case / (Record no. 9808)
[ view plain ]
| 000 -LEADER | |
|---|---|
| fixed length control field | 01213nam a22002897a 4500 |
| 001 - CONTROL NUMBER | |
| control field | 9808 |
| 003 - CONTROL NUMBER IDENTIFIER | |
| control field | FISKH |
| 005 - DATE AND TIME OF LATEST TRANSACTION | |
| control field | 20260226135038.0 |
| 008 - FIXED-LENGTH DATA ELEMENTS--GENERAL INFORMATION | |
| fixed length control field | 260226b cb ||||| |||| 00| 0 eng d |
| 020 ## - INTERNATIONAL STANDARD BOOK NUMBER | |
| International Standard Book Number | 9780194793698 |
| 040 ## - CATALOGING SOURCE | |
| Original cataloging agency | FISKH |
| Language of cataloging | eng |
| Transcribing agency | FISKH |
| Modifying agency | FISKH |
| 050 ## - LIBRARY OF CONGRESS CALL NUMBER | |
| Classification number | PE1126 .A4 .B376925 |
| 082 ## - DEWEY DECIMAL CLASSIFICATION NUMBER | |
| Classification number | 428.6 |
| 100 ## - MAIN ENTRY--PERSONAL NAME | |
| Personal name | Bassett, Jennifer |
| Relator term | Author |
| 245 ## - TITLE STATEMENT | |
| Title | Shirley Homes and the Lithuanian case / |
| Statement of responsibility, etc. | Jennifer Bassett ; illustrated by Nelson Evergreen |
| 260 ## - PUBLICATION, DISTRIBUTION, ETC. | |
| Place of publication, distribution, etc. | Oxford : |
| Name of publisher, distributor, etc. | Oxford University Press , |
| Date of publication, distribution, etc. | 2012 |
| 300 ## - PHYSICAL DESCRIPTION | |
| Extent | 55 pages : |
| Other physical details | illustrations ; |
| Dimensions | 20 cm |
| 505 ## - FORMATTED CONTENTS NOTE | |
| Formatted contents note | F<br/> |
| 520 ## - SUMMARY, ETC. | |
| Summary, etc. | Help your students read their way to better English.The Oxford Bookworms Library offers high-quality storytelling and a great reading experience, with a world wide range of classic and modern fiction, non-fiction and plays. Bookworms include original and adapted texts in seven carefully graded language stages (Starter to Stage 6), which take learnersfrom beginner to advanced level. |
| 521 8# - TARGET AUDIENCE NOTE | |
| Target audience note | 360<br/> |
| Source | Lexile<br/> |
| 521 8# - TARGET AUDIENCE NOTE | |
| Target audience note | J<br/> |
| Source | Raz-Plus<br/> |
| 650 ## - SUBJECT ADDED ENTRY--TOPICAL TERM | |
| Topical term or geographic name entry element | Illustrations |
| Form subdivision | Mystery |
| 650 ## - SUBJECT ADDED ENTRY--TOPICAL TERM | |
| Topical term or geographic name entry element | Novel |
| Form subdivision | To-read |
| 700 ## - ADDED ENTRY--PERSONAL NAME | |
| Personal name | Evergreen, Nelson |
| Relator term | Illustrator |
| 942 ## - ADDED ENTRY ELEMENTS (KOHA) | |
| Source of classification or shelving scheme | Dewey Decimal Classification |
| Koha item type | Books |
| Suppress in OPAC | No |
| Withdrawn status | Lost status | Source of classification or shelving scheme | Damaged status | Not for loan | Collection | Home library | Current library | Shelving location | Date acquired | Total Checkouts | Full call number | Barcode | Date last seen | Copy number | Price effective from | Koha item type |
|---|---|---|---|---|---|---|---|---|---|---|---|---|---|---|---|---|
| Dewey Decimal Classification | Juvenile Fiction | Footprints International School Library Network Toul Tom Poung Campus | Footprints International School Library Network Toul Tom Poung Campus | TTP Primary Green Bookshelves | 02/26/2026 | BAS 428.6 PE1126 .A4 .B376925 | FIS00300 | 02/26/2026 | 1 | 02/26/2026 | Books |
